00883nam a22002297a 450000500170000001000140001702000260003102000230005703500130008003700130009308200170010610000260012324501140014926000470026327000620031030000290037250000500040170000200045194200320047199900170050395201330052020100723150652.0 aENG-96659 a9780198060796c550.00 a0198060793c550.00 aEN-80192 bDBAD/PUB a338.60480954 aPushpangadan, K91044 aThe dynamics of competition :buniderstanding India's manufacturing sector /cK. Pushpangadan [and] N. Shanta aNew Delhi bOxford, University Pressc2009 aYMCA Library Building, Jai Singh RoadbNew Delhi e110001 axvii, 151 p.c23cm (Pbk) aIncludes bibliographical references and index aShanta N.91045 2ddccENh338.60480954 mPUS c37425d37425 001040718NFICaDBADbDBADd2010-07-23g550.00l0o338.60480954 PUSpEN-80192r2010-07-23 00:00:00t1v550.00w2010-07-23yEN